000 00215 a2200097 4500
001 57160
100 _a
245 _aIntroduction to Statistics
260 _aNew york
_bmillan
_c1982
090 _c35092
_d35092
942 _aNUST-CAE
_cMONOGRAPH
_c27883
999 _c292233
_d292233